Anciens Drapeaux - Statistiques

Statistiques générales
  • Ce quiz a été pris 688 fois
  • Le résultat moyen est 11 sur 26
Statistiques - réponses
Par images Réponse % Correct
URSS
91%
Yougoslavie
84%
Allemagne de l'Est
83%
Kampuchea
69%
Libye
64%
Afrique du Sud
60%
Zaïre
60%
Haïti
57%
Rwanda
56%
Éthiopie
54%
Iran
53%
Grèce
43%
Laos
36%
Biélorussie
34%
Bénin
33%
Géorgie
33%
Vietnam du Sud
32%
Congo
26%
Lesotho
25%
Birmanie
24%
Comores
22%
Yémen du Sud
20%
Haute-Volta
15%
Yémen du Nord
14%
Seychelles
7%
Cap-Vert
5%
Aucun quiz correspondant
Distribution des résultats
% des personnes avec chaque résultat
Percentile par nombre de réponses
Votre historique - résultats
Vous n’avez pas pris ce quiz